000 00574nam a2200229Ia 4500
003 OSt
005 20221005132805.0
006 a|||||r|||| 00| 0
007 ta
008 221004b |||||||| |||| 00| 0 mar d
024 _a40416
037 _cTextual
040 _aCRL
_cCRL
_bmar
041 _2mar
_amar
082 _aR6892,5x1,1, 155K5
100 _aKaviswar
_9641643
245 0 _avadantparijatsourabh
300 _a680p.
_ccm.
650 _aPHILOSOPHY
942 _hR6892,5x1,1, 155K5
_cTEXL
_2cc
999 _c1064815
_d1064815